TV Show by Spin-Off Quiz Stats

Quiz Updated Aug 24, 2015

Also try: TV Show Creators
Challenge
Share
Tweet
Embed
Score 0/20 Timer 06:00
3 Plays Today
% Correct
Friends
94.4%
Cheers
88.4%
Buffy the Vampire Slayer
87.8%
JAG
85.9%
Breaking Bad
85.6%
The Practice
84.8%
Family Guy
84.6%
Avatar: The Last Airbender
82.6%
Danger Mouse
81.2%
The Golden Girls
76.3%
% Correct
Grey's Anatomy
75.9%
All in the Family
73.7%
That's So Raven
73.4%
The Mary Tyler Moore Show
68.3%
Beavis and Butthead
66.7%
Doctor Who
66.1%
Three's Company
64.2%
Happy Days
63.2%
The Cosby Show
61.7%
Perfect Strangers
44.6%

You're not logged in!

Compare scores with friends on all Sporcle quizzes.
Sign Up with Email
OR
Log In

You Might Also Like...

Show Comments

Extras

Top Quizzes Today


Score Distribution

Your Account Isn't Verified!

In order to create a playlist on Sporcle, you need to verify the email address you used during registration. Go to your Sporcle Settings to finish the process.